000 01178nam a22003137a 4500
005 20220817043749.0
008 010312d2000 lk a r 00110 eng d
010 _a83738
011 _a84710
022 _a1017-5954
035 _a95236
090 _aFolleto 16130
110 1 _aInternational Water Management Institute
245 1 0 _aWater for food, nature and rural livelihoods :
_bscientific thinking and results. People behind the research. Publications and outputs
_c/by International Water Management Institute
260 _aColombo, Sri Lanka :
_bInternational Water Management Institute,
_c2000.
300 _a68 p. :
_bilus. ; gráfs.
590 _aBATCH-UPD
_b10
_c20130110
_lUCH01
_h1317
590 _aBATCH-UPD
_b10
_c20130410
_lUCH01
_h0828
590 _aBATCH-UPD
_b10
_c20130914
_lUCH01
_h0306
590 _aBATCH-UPD
_b10
_c20141001
_lUCH01
_h1312
590 _aCONVERSION
_b10
_c20130109
_lUCH01
_h1347
650 1 4 _aAgua
_xAbastecimiento.
_92223
650 1 4 _aAgua
_xUtilización.
_92401
650 1 4 _aIrrigación
_xInvestigación.
_960425
650 1 4 _aRecursos hidraulicos.
790 _aAnnual report 1999-2000.
901 _aBK
905 _aPatricia Mendoza P.
999 _c83738
_d83738